Catálogo público

Introducción a la programación lineal y el análisis de sensibilidad (Record no. 8818)

MARC details
000 -CABECERA
campo de control de longitud fija 01135nam a22003137a 4500
003 - IDENTIFICADOR DEL NÚMERO DE CONTROL
campo de control CHAP
005 - FECHA Y HORA DE LA ÚLTIMA TRANSACCIÓN
campo de control 20220329133630.0
008 - DATOS DE LONGITUD FIJA--INFORMACIÓN GENERAL
campo de control de longitud fija 971013s1987 r 00010 d
010 ## - NÚMERO DE CONTROL DE LA BIBLIOTECA DEL CONGRESO
Número de control de LC 8818
011 ## - ENLACE DEL NUMERO DE CONTROL DE LA BIBLIOTECA DEL CONGRESO [OBSOLETO]
Número de control de LC 9790
035 ## - NÚMERO DE CONTROL DEL SISTEMA
Número de control de sistema 9026
040 ## - FUENTE DE LA CATALOGACIÓN
Centro/agencia transcriptor CHAP
082 ## - NÚMERO DE LA CLASIFICACIÓN DECIMAL DEWEY
Número de clasificación 519.72
Número de documento/Ítem B8
100 00 - ENTRADA PRINCIPAL--NOMBRE DE PERSONA
Nombre de persona Bueno de Arjona, Graciela.
9 (RLIN) 15959
245 ## - MENCIÓN DE TÍTULO
Título Introducción a la programación lineal y el análisis de sensibilidad
260 ## - PUBLICACIÓN, DISTRIBUCIÓN, ETC.
Lugar de publicación, distribución, etc. México, D. F. :
Nombre del editor, distribuidor, etc. Trillas,
Fecha de publicación, distribución, etc. 1987
300 ## - DESCRIPCIÓN FÍSICA
Extensión 189 p.
590 ## - NOTA LOCAL (RLIN)
Nota local BATCH-UPD
Procedencia (VM) [OBSOLETO] 10
Condición del los carretes individuales (VM) [OBSOLETO] 20130110
-- UCH01
-- 1948
590 ## - NOTA LOCAL (RLIN)
Nota local BATCH-UPD
Procedencia (VM) [OBSOLETO] 10
Condición del los carretes individuales (VM) [OBSOLETO] 20130410
-- UCH01
-- 1310
590 ## - NOTA LOCAL (RLIN)
Nota local BATCH-UPD
Procedencia (VM) [OBSOLETO] 10
Condición del los carretes individuales (VM) [OBSOLETO] 20130914
-- UCH01
-- 1943
590 ## - NOTA LOCAL (RLIN)
Nota local CONVERSION
Procedencia (VM) [OBSOLETO] 10
Condición del los carretes individuales (VM) [OBSOLETO] 20130109
-- UCH01
-- 1306
650 14 - PUNTO DE ACCESO ADICIONAL DE MATERIA--TÉRMINO DE MATERIA
Término de materia o nombre geográfico como elemento de entrada Programación lineal.
9 (RLIN) 92371
901 ## - ELEMENTOS DE DATOS A LOCAL LDA (RLIN)
a BK
942 ## - ELEMENTOS DE PUNTO DE ACCESO ADICIONAL (KOHA)
Tipo de ítem Koha Libro
949 ## - PROCESAMIENTO DE INFORMACIÓN LOCAL (OCLC)
a 519.72 B8
b BC
c LIBRO
d 33724000382883
e LIBRO
f c.2
g I.c/e
h 77415
i 9026
s i
t 7.30
949 ## - PROCESAMIENTO DE INFORMACIÓN LOCAL (OCLC)
a 519.72 B8
b BC
c LIBRO
d 33724000383741
e LIBRO
f c.4
h 80257
i 9026
s i
t 7.30
949 ## - PROCESAMIENTO DE INFORMACIÓN LOCAL (OCLC)
a 519.72 B8
b BC
c LIBRO
d 33724000383758
e LIBRO
g I.c/e
h 77414
i 9026
s i
t 7.30
949 ## - PROCESAMIENTO DE INFORMACIÓN LOCAL (OCLC)
a 519.72 B8
b BC
c LIBRO
d 33724000383766
e LIBRO
f c.3
g I.c/e
h 77416
i 9026
s i
t 7.30
Holdings
Estado de retiro Estado de pérdida Fuente del sistema de clasificación o colocación Estado dañado Restricciones de uso No para préstamo Código de colección Localización permanente Ubicación/localización actual Ubicación en estantería Fecha de adquisición Fuente de adquisición Información codificada de la localización en otra ubicación Total de préstamos Signatura topográfica completa Código de barras Fecha visto por última vez Número de copia Precio válido a partir de Tipo de ítem Koha Fecha del último préstamo
    Dewey Decimal Classification   Préstamo 15 días   General Biblioteca Central Biblioteca Central Planta alta - Colección General 31/12/2019 I.c/e LIBRO   519.72 B8 33724000383741 31/12/2019 c.4 31/12/2019 Libro  
    Dewey Decimal Classification   Préstamo 15 días   General Biblioteca Central Biblioteca Central Planta alta - Colección General 31/12/2019 I.c/e LIBRO 1 519.72 B8 33724000382883 10/09/2024 c.2 31/12/2019 Libro 26/08/2024
    Dewey Decimal Classification   Préstamo 15 días   General Biblioteca Central Biblioteca Central Planta alta - Colección General 31/12/2019 I.c/e LIBRO 2 519.72 B8 33724000383758 04/09/2024   31/12/2019 Libro 26/08/2024
    Dewey Decimal Classification   Préstamo 15 días   General Biblioteca Central Biblioteca Central Planta alta - Colección General 31/12/2019   LIBRO   519.72 B8 33724000383766 31/12/2019 c.3 31/12/2019 Libro